All-star 3
The workbook activities offer students further practice in developing the language, vocabulary, and life-skill competencies taught in the Student book.
Gespeichert in:
| Format: | Buch |
|---|---|
| Sprache: | Undetermined |
| Veröffentlicht: |
New York
McGraw-Hill ESL/ELT
2005
|
| Schlagworte: | |
| Tags: |
Tag hinzufügen
Keine Tags, Fügen Sie den ersten Tag hinzu!
|
| Thư viện lưu trữ: | Trung tâm Học liệu Trường Đại học Cần Thơ |
|---|
| LEADER | 00660nam a2200193Ia 4500 | ||
|---|---|---|---|
| 001 | CTU_180164 | ||
| 008 | 210402s9999 xx 000 0 und d | ||
| 082 | |a 428.24 | ||
| 082 | |b A416/Vol.3 | ||
| 245 | 0 | |a All-star 3 | |
| 245 | 0 | |c Linda Lee ... [et al.] | |
| 260 | |a New York | ||
| 260 | |b McGraw-Hill ESL/ELT | ||
| 260 | |c 2005 | ||
| 520 | |a The workbook activities offer students further practice in developing the language, vocabulary, and life-skill competencies taught in the Student book. | ||
| 650 | |a English language,Ngôn ngữ Anh | ||
| 650 | |x Study and teaching | ||
| 904 | |i Giang | ||
| 980 | |a Trung tâm Học liệu Trường Đại học Cần Thơ | ||